[Event "SVK-chT2C 1617"]
[Site "Slovakia"]
[Date "2017.02.11"]
[Round "8.8"]
[White "Sulgan, Branislav"]
[Black "Majer, Milan"]
[Result "1-0"]
[WhiteElo "1877"]
[BlackElo "1860"]
[PlyCount "69"]
[EventDate "2016.10.08"]
[EventType "team-tourn"]
[EventRounds "11"]
[EventCountry "SVK"]
[SourceTitle "EXT 2018"]
[Source "ChessBase"]
[SourceDate "2017.10.13"]
[SourceVersion "1"]
[SourceVersionDate "2017.10.13"]
[SourceQuality "1"]
[WhiteTeam "Cadca Caissa"]
[BlackTeam "Podbrezova ZP Sport"]
[WhiteTeamCountry "SVK"]
[BlackTeamCountry "SVK"]

1. d4 Nf6 2. c4 e6 3. Nf3 b6 4. a3 Bb7 5. Nc3 Be7 6. e3 0-0 7. Bd3 d5 8. cxd5 exd5 9. 0-0 Nbd7 10. Qe2 Re8 11. b3 c6 12. Bb2 Bd6 13. Rac1 a5 14. Rfe1 Qe7 15. a4 Bb4 16. Red1 Ne4 17. Nd2 Ndf6 18. Ndxe4 dxe4 19. Bc4 Rad8 20. Qc2 Bd6 21. Be2 Bb8 22. Nb1 Nd5 23. Nd2 Kh8 24. Nc4 Rc8 25. g3 Qc7 26. Bg4 Rcd8 27. Ne5 c5 28. dxc5 Rxe5 29. Bxe5 Qxe5 30. c6 Rc8 31. Bxc8 Bxc8 32. c7 Ba7 33. Qc6 h6 34. Rxd5 Qb2 35. Rd8+ 1-0

[Event "SVK-chT2C 1617"]
[Site "Slovakia"]
[Date "2016.10.09"]
[Round "2.7"]
[White "Topolovsky, Vincent"]
[Black "Sulgan, Branislav"]
[Result "0-1"]
[WhiteElo "1932"]
[BlackElo "1869"]
[PlyCount "50"]
[EventDate "2016.10.08"]
[EventType "team-tourn"]
[EventRounds "11"]
[EventCountry "SVK"]
[SourceTitle "CBM 175 Extra"]
[Source "ChessBase"]
[SourceDate "2016.12.12"]
[SourceVersion "1"]
[SourceVersionDate "2016.12.12"]
[SourceQuality "1"]
[WhiteTeam "Banska Bystrica Kurta"]
[BlackTeam "Cadca Caissa"]
[WhiteTeamCountry "SVK"]
[BlackTeamCountry "SVK"]

1. Nf3 Nf6 2. g3 g6 3. Bg2 Bg7 4. c4 0-0 5. Nc3 d6 6. d4 Nbd7 7. 0-0 c5 8. e3 a6 9. Re1 Rb8 10. Qe2 Ne8 11. Rd1 b5 12. cxb5 axb5 13. Nxb5 Ba6 14. a4 Nc7 15. Qd2 Nxb5 16. axb5 Bxb5 17. Ra5 Be2 18. Qxe2 Qxa5 19. dxc5 Nxc5 20. Nd4 Qc7 21. Qc4 Rfc8 22. Nc6 Nb3 23. Qe4 Rb7 24. h4 Qxc6 25. Qf4 Qc2 0-1

[Event "Oravska Priehrada op"]
[Site "Oravska Priehrada"]
[Date "2016.08.29"]
[Round "6"]
[White "Sevcik, Lubomir"]
[Black "Sulgan, Branislav"]
[Result "0-1"]
[WhiteElo "1730"]
[BlackElo "1808"]
[PlyCount "68"]
[EventDate "2016.08.26"]
[EventType "swiss"]
[EventRounds "7"]
[EventCountry "SVK"]
[SourceTitle "CBM 174 Extra"]
[Source "ChessBase"]
[SourceDate "2016.10.10"]
[SourceVersion "1"]
[SourceVersionDate "2016.10.10"]
[SourceQuality "1"]

1. d4 Nf6 2. c4 g6 3. Nf3 Bg7 4. Nc3 0-0 5. e3 d6 6. Be2 Nbd7 7. 0-0 c5 8. d5 a6 9. a4 Rb8 10. Rb1 Ne8 11. Qc2 Nc7 12. b4 cxb4 13. Rxb4 Nc5 14. Bb2 a5 15. Rb6 N7a6 16. Rb5 Bd7 17. Ba3 Bxb5 18. axb5 Nb4 19. Bxb4 axb4 20. Ne4 b3 21. Qb1 Nxe4 22. Qxe4 Ra8 23. Bd3 Ra2 24. h4 b2 25. h5 Ra1 26. Bb1 Qc7 27. hxg6 hxg6 28. Ng5 Bf6 29. Nh3 Rc8 30. Bd3 Ra3 31. Be2 Rc3 32. Nf4 Rxc4 33. Bxc4 Qxc4 34. Qb1 Qxf1+ 0-1

[Event "Oravska Priehrada op"]
[Site "Oravska Priehrada"]
[Date "2016.08.29"]
[Round "7"]
[White "Sulgan, Branislav"]
[Black "Druska, Robert"]
[Result "1-0"]
[WhiteElo "1808"]
[BlackElo "1921"]
[PlyCount "43"]
[EventDate "2016.08.26"]
[EventType "swiss"]
[EventRounds "7"]
[EventCountry "SVK"]
[SourceTitle "CBM 174 Extra"]
[Source "ChessBase"]
[SourceDate "2016.10.10"]
[SourceVersion "1"]
[SourceVersionDate "2016.10.10"]
[SourceQuality "1"]

1. d4 d5 2. c4 e5 3. dxe5 d4 4. Nf3 Nc6 5. Bg5 Bb4+ 6. Nbd2 Nge7 7. a3 Bxd2+ 8. Qxd2 Bg4 9. 0-0-0 Bxf3 10. gxf3 h6 11. Bh4 g5 12. Bg3 Ng6 13. e3 dxe3 14. Qxe3 Qe7 15. e6 fxe6 16. Bh3 e5 17. Bf5 Rg8 18. Qe4 Nf4 19. Bxf4 gxf4 20. Bg6+ Kf8 21. Qf5+ Kg7 22. Rhg1 1-0

[Event "SVK-chT2C 1213"]
[Site "Slovakia"]
[Date "2012.10.13"]
[Round "1.8"]
[White "Kerdik, Adam"]
[Black "Sulgan, Branislav"]
[Result "0-1"]
[WhiteElo "1970"]
[BlackElo "1773"]
[PlyCount "66"]
[EventDate "2012.10.13"]
[EventType "team-tourn"]
[EventRounds "11"]
[EventCountry "SVK"]
[SourceTitle "EXT 2015"]
[Source "ChessBase"]
[SourceDate "2014.11.20"]
[SourceVersion "1"]
[SourceVersionDate "2014.11.20"]
[SourceQuality "1"]
[WhiteTeam "Liptov Chess School II"]
[BlackTeam "Cadca Caissa II"]
[WhiteTeamCountry "SVK"]
[BlackTeamCountry "SVK"]

1. e4 d5 2. exd5 Nf6 3. d4 Nxd5 4. c4 Nb6 5. h3 g6 6. Nf3 Bg7 7. Nc3 0-0 8. Be3 Nc6 9. Be2 Na5 10. c5 Nd5 11. Nxd5 Qxd5 12. Qa4 b6 13. Ne5 Qe6 14. b4 Nb7 15. f4 bxc5 16. bxc5 Rd8 17. Bc4 Rd5 18. f5 gxf5 19. Bxd5 Qxd5 20. Qe8+ Bf8 21. 0-0 Nxc5 22. Qxf7+ Qxf7 23. Nxf7 Kxf7 24. dxc5 Kg6 25. g4 c6 26. Rad1 Be6 27. gxf5+ Bxf5 28. h4 h5 29. Rd2 Be4 30. Rf4 Bd5 31. Rb4 Bg7 32. Rb7 Bf6 33. Bf2 Rg8 0-1

[Event "Zilina Region-ch"]
[Site "Zilina"]
[Date "2012.05.05"]
[Round "3"]
[White "Sulgan, Branislav"]
[Black "Bakalar, Jan"]
[Result "1/2-1/2"]
[WhiteElo "1766"]
[BlackElo "2024"]
[PlyCount "57"]
[EventDate "2012.05.04"]
[EventType "swiss"]
[EventRounds "7"]
[EventCountry "SVK"]
[SourceTitle "CBM 148 Extra"]
[Source "ChessBase"]
[SourceDate "2012.06.22"]
[SourceVersion "1"]
[SourceVersionDate "2012.06.22"]
[SourceQuality "1"]

1. d4 c5 2. d5 e5 3. dxe6 fxe6 4. Nf3 d5 5. e3 Nf6 6. c4 Be7 7. cxd5 exd5 8. Bb5+ Bd7 9. Bxd7+ Nbxd7 10. 0-0 0-0 11. Nc3 Nb6 12. b3 Qe8 13. Qe2 Qh5 14. Bb2 Rad8 15. Rfd1 Bd6 16. h3 g5 17. Nh2 Bxh2+ 18. Kxh2 g4 19. Rac1 Rde8 20. Kg1 Qh4 21. Nb5 Ne4 22. Qxg4+ Qxg4 23. hxg4 Nxf2 24. Rd2 Nxg4 25. Rxc5 Rxe3 26. Rc1 Rfe8 27. Kf1 Rf8+ 28. Kg1 Rfe8 29. Kf1 1/2-1/2

[Event "Zilina Region-ch"]
[Site "Zilina"]
[Date "2012.05.05"]
[Round "4"]
[White "Sulgan, Branislav"]
[Black "Saga, Vladimir"]
[Result "1/2-1/2"]
[WhiteElo "1766"]
[BlackElo "2055"]
[PlyCount "79"]
[EventDate "2012.05.04"]
[EventType "swiss"]
[EventRounds "7"]
[EventCountry "SVK"]
[SourceTitle "CBM 148 Extra"]
[Source "ChessBase"]
[SourceDate "2012.06.22"]
[SourceVersion "1"]
[SourceVersionDate "2012.06.22"]
[SourceQuality "1"]

1. Nf3 c5 2. d4 cxd4 3. Nxd4 Nc6 4. e4 e5 5. Nxc6 bxc6 6. Nc3 Nf6 7. Bc4 Bb4 8. Qe2 0-0 9. 0-0 Bxc3 10. bxc3 Qa5 11. Bd2 d6 12. Bb3 Bg4 13. f3 Be6 14. c4 Qc7 15. Rfd1 Nd7 16. Bb4 c5 17. Bc3 a5 18. a3 a4 19. Ba2 Nb8 20. Qd3 Ra6 21. Rab1 f6 22. Rb2 Nd7 23. Rdb1 Rb8 24. Rxb8+ Nxb8 25. Qd2 Nc6 26. Rb2 Kf7 27. Qe1 h6 28. Qb1 Bc8 29. Qd1 Nd4 30. Bxd4 exd4 31. Qd2 Qa5 32. Qxa5 Rxa5 33. Rb5 Ra7 34. Kf1 Ke7 35. Ke2 Kd7 36. Kd3 Kc6 37. c3 dxc3 38. Kxc3 Kc7 39. Rb2 Be6 40. Re2 1/2-1/2

[Event "Zilina Region-ch"]
[Site "Zilina"]
[Date "2012.05.05"]
[Round "2"]
[White "Sustek, Radoslav"]
[Black "Sulgan, Branislav"]
[Result "0-1"]
[WhiteElo "1630"]
[BlackElo "1766"]
[PlyCount "114"]
[EventDate "2012.05.04"]
[EventType "swiss"]
[EventRounds "7"]
[EventCountry "SVK"]
[SourceTitle "CBM 148 Extra"]
[Source "ChessBase"]
[SourceDate "2012.06.22"]
[SourceVersion "1"]
[SourceVersionDate "2012.06.22"]
[SourceQuality "1"]

1. e4 c6 2. d4 d5 3. exd5 cxd5 4. Nc3 Nf6 5. Nf3 Bf5 6. Bb5+ Nc6 7. 0-0 e6 8. Ne5 Rc8 9. Bxc6+ bxc6 10. Bg5 Be7 11. f4 0-0 12. Ne2 Ne4 13. Bxe7 Qxe7 14. Nc1 f6 15. Nf3 c5 16. Nb3 Bg4 17. h3 Bxf3 18. gxf3 Ng3 19. Rf2 cxd4 20. Nxd4 Qd6 21. Ne2 Nf5 22. Qd3 Rc7 23. Nd4 Nxd4 24. Qxd4 Rfc8 25. c3 Rc4 26. Qxa7 Qxf4 27. Qd7 Qe3 28. Raf1 R4c7 29. Qd6 Ra7 30. a3 Rb7 31. Kh1 Rcb8 32. Rg2 Rxb2 33. Rxb2 Rxb2 34. Qd8+ Kf7 35. Qd7+ Kg6 36. Rg1+ Kf5 37. Qxg7 Qxf3+ 38. Rg2 Qxh3+ 39. Kg1 Rxg2+ 40. Qxg2 Qxc3 41. Qf2+ Ke5 42. Qh2+ Kd4 43. Qf4+ Kd3 44. Qf3+ Kc2 45. Qf2+ Kb3 46. Qb6+ Kxa3 47. Qa6+ Kb2 48. Qb6+ Kc2 49. Qf2+ Kb1 50. Qb6+ Kc1 51. Qxe6 Qd4+ 52. Kf1 Kd2 53. Qe1+ Kc2 54. Qe2+ Qd2 55. Qe7 Qd3+ 56. Kg1 d4 57. Qxf6 Qg6+ 0-1

[Event "SVK-chT2C 1112"]
[Site "Slovakia"]
[Date "2012.02.25"]
[Round "10.8"]
[White "Spodniak, Stanislav"]
[Black "Sulgan, Branislav"]
[Result "0-1"]
[WhiteElo "1000"]
[BlackElo "1524"]
[PlyCount "52"]
[EventDate "2011.10.08"]
[EventType "team-tourn"]
[EventRounds "11"]
[EventCountry "SVK"]
[SourceTitle "EXT 2013"]
[Source "ChessBase"]
[SourceDate "2012.11.22"]
[SourceVersion "1"]
[SourceVersionDate "2012.11.22"]
[SourceQuality "1"]
[WhiteTeam "Podpolanie Hrinova"]
[BlackTeam "Cadca II"]
[WhiteTeamCountry "SVK"]
[BlackTeamCountry "SVK"]

1. e4 c6 2. d4 d5 3. Nc3 dxe4 4. Nxe4 Bf5 5. Nc3 Nf6 6. Nf3 Nbd7 7. Bf4 e6 8. Bd3 Bxd3 9. cxd3 Be7 10. 0-0 0-0 11. Qd2 Nb6 12. Ne2 Nbd5 13. Bg5 Qb6 14. Nf4 h6 15. Nxd5 Nxd5 16. Bxe7 Nxe7 17. Qc2 Rfd8 18. Rfe1 Nf5 19. Re4 Nxd4 20. Qd1 Rd5 21. Ne5 Rad8 22. Qh5 Qc7 23. Rae1 f6 24. f4 fxe5 25. fxe5 Rf8 26. Rg4 Rxe5 0-1